An introduction to industrial chemistry

Salvato in:
Dettagli Bibliografici
Autore principale: Heaton, C. A.
Natura: Libro
Lingua:Undetermined
Pubblicazione: London Leonard Hill 1986
Soggetti:
Tags: Aggiungi Tag
Nessun Tag, puoi essere il primo ad aggiungerne! !
Thư viện lưu trữ: Trung tâm Học liệu Trường Đại học Cần Thơ
LEADER 00482nam a2200181Ia 4500
001 CTU_81092
008 210402s9999 xx 000 0 und d
082 |a 660.2 
082 |b H442 
100 |a Heaton, C. A. 
245 3 |a An introduction to industrial chemistry 
245 0 |c C. A. Heaton 
260 |a London 
260 |b Leonard Hill 
260 |c 1986 
650 |a Chemical engineering 
904 |i Trọng Hải 
980 |a Trung tâm Học liệu Trường Đại học Cần Thơ